000 00620nam a2200193Ia 4500
003 GCL
008 140319s9999 xx 000 0 ara d
040 _aGCL /
_cGCL
082 0 4 _a813.01
_bو م
100 1 _aوفائى محمد حجازى
245 1 0 _aالمرحوم : قص حياة /
_cوفائى محمد حجازى
300 _a158 ص
490 _aمن حكايات الدكتور حجازى
_v0
650 0 4 _aالادب العربى
650 0 4 _aالقصص العربية القصيرة - مصر
650 0 4 _aالقصص العربية - مصر
650 0 4 _aالقصص المصرية
942 _2ddc
_cBK
999 _c48049
_d48049